000 00710nam a2200289Ia 4500
005 20260324122742.0
008 008 260324s9999 xx 000 0 eng d
020 _a9780240823652
037 _aEBOOK
040 _aCRL
040 _beng
040 _cCRL
041 _2eng
041 _aeng
084 _qCRL
100 _aBarbara Freedman Doyle
_91167675
245 0 _aMake Your Movie
245 0 _bWhat You Need to Know About the Business and Politics of Filmmaking
260 _bTaylor and Francis
260 _c2012
365 _a
365 _b300
856 _uhttp://www.taylorfrancis.com/books/9780240823652
942 _cEBOOK
999 _c1760652
_d1760652